Medicación intraconducto utilizada en endodoncia en la Clínica Modular UCE período septiembre - diciembre 2003 (Registro nro. 236664)

000 -LEADER
fixed length control field 01081nam a2200325 i 4500
001 - CONTROL NUMBER
control field 236664
003 - CONTROL NUMBER IDENTIFIER
control field OSt
005 - DATE AND TIME OF LATEST TRANSACTION
control field 20180921
008 - FIXED-LENGTH DATA ELEMENTS--GENERAL INFORMATION
fixed length control field 0000002004 A 0000000000spa00
040 ## - CATALOGING SOURCE
Original cataloging agency DLC
Transcribing agency DLC
100 ## - ASIENTO PRINCIPAL -- NOMBRE PERSONAL
Personal name Tapia, Gisselle E
245 ## - TÍTULO PROPIAMENTE DICHO: SUBTÍTULO
Title Medicación intraconducto utilizada en endodoncia en la Clínica Modular UCE período septiembre - diciembre 2003
Mención de responsabilidad Gisselle E. Tapia, Germana González Ayba, Juan Carlos Díaz Díaz ; asesores Rafael E. Carmona R., Juan Andrés Veras
260 ## - PUBLICATION, DISTRIBUTION, ETC.
Place of publication, distribution, etc. San Pedro de Macorís :
Name of publisher, distributor, etc. Universidad Central del Este
300 ## - PHYSICAL DESCRIPTION
Extensión 1 v. (en varias numeraciones)
502 ## - THESIS NOTE
Dissertation note Tesis (Doctor en Odontología) -- Universidad Central del Este, 2004
504 ## - BIBLIOGRAPHY, ETC. NOTE
Bibliography, etc. note Incluye bibliografía, índice y anexos
650 ## - ASIENTO SECUNDARIO DE MATERIA -- TERMINO TOPICO
Asiento secundario de materia Farmacología odontológica
-- Medicación odontológica
-- Medicamentos
-- TC6202
-- Tesis y disertaciones académicas
700 ## - ASIENTO SECUNDARIO -- NOMBRE PERSONAL
Personal name Carmona R., Rafael E., ases
-- Díaz Díaz, Juan Carlos
-- González Aybar, Germana
-- Veras, Juan Andrés, ases
942 ## - ADDED ENTRY ELEMENTS (KOHA)
Source of classification or shelving scheme
Koha item type Tesis
Existencias
Withdrawn status Lost status Source of classification or shelving scheme Damaged status Not for loan Permanent Location Current Location Date acquired Full call number Koha item type
          Biblioteca Central. Universidad Central del Este Biblioteca Central. Universidad Central del Este 2018-08-17 T 617.6 T172m 2004 Tesis
          Biblioteca Central. Universidad Central del Este Biblioteca Central. Universidad Central del Este 2018-08-17 T 617.6 T172m 2004 Tesis